000 00358nam a22001457a 4500
003 OSt
005 20220128133350.0
008 220128b |||||||| |||| 00| 0 eng d
020 _a139780070648111
040 _cH U
082 _23rd
_a621.38
100 _aTaub Herbert
_929042
245 _aTaub,s Principles Of Communication Systems
942 _2ddc
_cBOOKS
_n0
999 _c28365
_d28365